| 000 | 00811nam a2200253Ia 4500 | ||
|---|---|---|---|
| 003 | OSt | ||
| 005 | 20220926022458.0 | ||
| 006 | a|||||r|||| 00| 0 | ||
| 007 | ta | ||
| 008 | 220923b |||||||| |||| 00| 0 eng d | ||
| 037 | _cGeneral Book | ||
| 040 |
_aRTL _cRTL _beng |
||
| 041 |
_2eng _aeng |
||
| 082 | _aV1N45:19.614.N9, N6/UN | ||
| 110 |
_aUnited NationsPublic Information (Department of...) _9327848 |
||
| 245 | 0 |
_aUnited Nations and Rawanda _b 1993-1996 |
|
| 260 |
_aNew York _bUnited Nations U. S. A. _c1996 |
||
| 300 |
_a739p. _ccm. |
||
| 490 | _aUnited Nations, Blue Book Series. 10. | ||
| 650 | _aHistory | ||
| 700 |
_aUnited NationsPublic Information (Department of...) _9327849 |
||
| 942 |
_hV1N45:19.614.N9, N6/UN _cGB _2CC |
||
| 999 |
_c639557 _d639557 |
||